Music Quiz

Random Music or Song Quiz

Huge Hits of the '70s Quiz Stats

 Plays Quiz Updated Mar 1, 2019

Score 0/60 Timer 15:00
4 Plays Today
Song Artist % Correct
Let It BeThe Beatles
86.1%
Bridge Over Troubled WaterSimon And Garfunkel
80.8%
Your SongElton John
73.9%
Whole Lotta LoveLed Zeppelin
70.3%
Black Magic WomanSantana
69%
Me And Bobby McGeeJanis Joplin
65.4%
LolaThe Kinks
64.5%
I'll Be ThereThe Jackson 5
62.4%
My Sweet LordGeorge Harrison
61.7%
Fire And RainJames Taylor
61.4%
Instant Karma (We All Shine On)John Ono Lennon
58.5%
25 Or 6 To 4Chicago
58.2%
Cracklin' RosieNeil Diamond
58.1%
See Me, Feel MeThe Who
57%
Lookin' Out My Back DoorCreedence Clearwater Revival
55.5%
After MidnightEric Clapton
54.8%
The Tears Of A ClownSmokey Robinson And The Miracles
54.3%
(They Long To Be) Close To YouThe Carpenters
53.6%
Signed, Sealed, Delivered I'm YoursStevie Wonder
52.5%
American WomanThe Guess Who
51.4%
She's A LadyTom Jones
50.6%
Knock Three TimesDawn
47.8%
Ain't No Mountain High EnoughDiana Ross
46%
Mama Told Me (Not To Come)Three Dog Night
43.8%
WoodstockCrosby, Stills, Nash And Young
42.4%
Raindrops Keep Fallin' On My HeadB.J. Thomas
42%
Spill The WineEric Burdon And War
40.3%
Kentucky RainElvis Presley
40.3%
All Right NowFree
39.6%
Ball Of Confusion (That's What The World Is Today)The Temptations
38.9%
Song Artist % Correct
DominoVan Morrison
37%
The Thrill Is GoneB.B. King
36.9%
Make It With YouBread
35%
Thank You (Falettinme Be Mice Elf Agin)Sly And The Family Stone
34%
If You Could Read My MindGordon Lightfoot
33.1%
He Ain't Heavy, He's My BrotherThe Hollies
32.4%
Stoned LoveThe Supremes
31.8%
SnowbirdAnne Murray
31.2%
I'll Never Fall In Love AgainDionne Warwick
30.1%
Sweet And InnocentDonny Osmond
29.5%
Love The One You're WithStephen Stills
26.7%
Lonely DaysThe Bee Gees
26.3%
One Bad AppleThe Osmonds
24.3%
One Less Bell To AnswerThe 5th Dimension
21.6%
The LetterJoe Cocker
19.3%
Super BadJames Brown
19.2%
Call MeAretha Franklin
19.1%
Come And Get ItBadfinger
17.9%
If I Were Your WomanGladys Knight And The Pips
15%
Stoney EndBarbra Streisand
14.8%
Watching Scotty GrowBobby Goldsboro
14.7%
Easy Come, Easy GoBobby Sherman
12%
Get ReadyRare Earth
11.6%
Hi-De-HoBlood, Sweat And Tears
11.3%
I Hear You KnockingDave Edmunds
10.9%
It's Only Make BelieveGlen Campbell
8.5%
Jingle JangleThe Archies
8.3%
Walk A Mile In My ShoesJoe South And The Believers
5.8%
Look What They've Done To My Song MaThe New Seekers Featuring Eve Graham
5.4%
House Of The Rising SunFrijid Pink
5.1%

You're not logged in!

Compare scores with friends on all Sporcle quizzes.
OR
Log In

Sporcle TV

Today on Sporcle TV


Watch our educational content, quiz creation guides, and fun videos on Sporcle TV.

Show Comments

Extras

Top Quizzes Today


Score Distribution

Your Account Isn't Verified!

In order to create a playlist on Sporcle, you need to verify the email address you used during registration. Go to your Sporcle Settings to finish the process.

Report this User

Report this user for behavior that violates our Community Guidelines.

Details: